Choose your own mantra (Record no. 33497)
[ view plain ]
| 000 -LEADER | |
|---|---|
| fixed length control field | 00256nam a2200109Ia 4500 |
| 082 ## - DEWEY DECIMAL CLASSIFICATION NUMBER | |
| Classification number | 232.31 |
| Item number | LAL |
| 100 ## - MAIN ENTRY--AUTHOR NAME | |
| Personal name | Lalita |
| 245 #0 - TITLE STATEMENT | |
| Title | Choose your own mantra |
| 260 ## - PUBLICATION, DISTRIBUTION, ETC. (IMPRINT) | |
| Place of publication | New York |
| Name of publisher | Bantam |
| Year of publication | 1978 |
| 942 ## - ADDED ENTRY ELEMENTS (KOHA) | |
| Koha item type | Books |
| Withdrawn status | Lost status | Damaged status | Not for loan | Home library | Current library | Date acquired | Full call number | Accession Number | Koha item type |
|---|---|---|---|---|---|---|---|---|---|
| Write off | RRII Library | RRII Library | 16/12/2021 | 232.31 LAL | 13994 | Books |